La Cultura de la opresión femenina /

Tallennettuna:
Bibliografiset tiedot
Päätekijä: Mattelart, Michéle
Aineistotyyppi: Teksti
Kieli:Spanish
Julkaistu: México : Era
Painos:3
Aiheet:
Tagit: Lisää tagi
Ei tageja, Lisää ensimmäinen tagi!

MARC

LEADER 00000 a a2200000 04500
001 39183
003 cru CIDCACS/IIS
005 20170908125101.0
008 170908b xxu||||| |||| 00| 0 spa d
999 |c 14449  |d 14449 
040 |c CIDCACS/IIS 
090 |a 05.03.03 M435c  
100 |a Mattelart, Michéle  
245 |a La Cultura de la opresión femenina /   |c Michéle Mattelart 
250 |a 3  
260 |a México :   |b Era  
300 |a 207 páginas 
650 |a MUJERES  
650 |a INDUSTRIA CULTURAL  
650 |a CLASE SOCIAL  
942 |2 ddc  |c LI